| 000 | 01928nam0a2200397 4500 | ||
|---|---|---|---|
| 001 | RU\NLR\bibl\1123804 | ||
| 005 | 20250615065529.0 | ||
| 010 |
_a978-5-94089-099-7 _bВ пер. _9500 |
||
| 021 |
_aRU _b2007-49227 _92609 |
||
| 035 | _a(nilc)RSL-KNO-003149531 | ||
| 035 | _a(NLR Aleph) 001110753 | ||
| 090 |
_a1236552 _c1236552 |
||
| 100 | _a20070727d2007 |||y0rusy50 ca | ||
| 101 | 0 | _arus | |
| 102 | _aRU | ||
| 105 | _aa ||||||||| | ||
| 200 | 1 |
_aРазработка нефтенасыщенных трещиновато-поровых коллекторов водогазовым воздействием на пласт _fР. В. Вафин |
|
| 210 |
_aСанкт-Петербург _cНедра _d2007 |
||
| 215 |
_a216 с. _cил., табл. _d21 |
||
| 313 | _aДобыча нефти | ||
| 320 | _aБиблиогр.: с. 199-216 (200 назв.) | ||
| 606 | 1 |
_aНефть _xДобыча _xГазогидродинамические методы _92273555 _3RU\NLR\auth\661362591 |
|
| 610 | 0 | _aГорное дело -- Разработка нефтяных месторождений -- Теоретические основы разработки месторождений. Исследование пластов и скважин -- Нефтепромысловая геология -- Подземная нефтяная гидравлика -- Пособие для специалистов | |
| 610 | 0 | _aводогазовое воздействие | |
| 610 | 0 | _aкарбонатные коллекторы | |
| 610 | 0 | _aтрещиновато-поровые коллекторы | |
| 686 |
_aИ361.79-113,07 _2rubbk |
||
| 686 | _aИ361.72 | ||
| 700 | 1 |
_aВафин _bР. В. _gРиф Вакилович _4070 |
|
| 801 | 0 |
_aRU _bРКП _c20070727 _grcr |
|
| 801 | 1 |
_aRU _bРГБ _c20070727 |
|
| 801 | 2 |
_aRU _bNLR _c20070905 _grcr |
|
| 830 | _aАвт. по кн | ||
| 942 | _cBOOK | ||
| 980 | _aNB | ||